00617nam a22001697a 450000500170000000800410001702000180005804000140007604100060009008200160009610000200011224500650013226000520019730000470024952100370029665001140033320240823181450.0240823b sa ||||| |||| 00| 0 eng d a9781919992075 a3228crda 2E a 745.5 MORB aMorbin, Deborah aStylish crafts for your home/bDeborah Morbin & Tracy Boomer aWelgemoed, South Africa :b Metz Press, c2004. a160 pages :bcolor illustrations ; c26 cm aBook - English adult non fiction aInterior decoration accessories Handicraft House furnishings Interior decoration Decoration and ornament